000 02348cam a22003011i 4500
003 SA-RiAUC
005 20250917125637.0
008 250915s2012 ku g f00010 ara c
020 _a9789996650291
040 _aKW-KcNLK
_bara
_cSA-RiAUC.
_erda
082 0 4 _a252.27
_qSA-RiAUC
090 _a252.27
_bز ع ب
100 1 _aالزعبي، شبيب محمد
_eمؤلف.
245 1 2 _aالعزاء :
_bأحكام وآداب /
_cشبيب محمد الزغبي ؛ تقديم عبد العزيز بن عبد الله الراجحي.
250 _aالطبعة الأولى.
264 1 _aالكويت :
_bوزارة الأوقاف والشؤون الإسلامية، إدارة الثقافة الإسلامية،
_c2012
300 _a48 صفحة ؛
_c22 سم
336 _aنص
_btxt
_2rdacontent
_3كتاب
337 _aبدون وسيط
_bn
_2rdamedia
338 _aمجلد
_bnc
_2rdacarrier
650 7 _aالتعزية (فقه إسلامي)
_2aucsh
650 7 _aالجنائز (فقه إسلامي)
_2aucsh
700 1 _aالراجحي، عبد العزيز بن عبد الله بن عبد الرحمن،
_d1361 هجري-
_eمقدم.
856 _uhttp://saaid.net/book/open.php?cat=4&book=6897
_yExternal Link
_2 نرجو الانتباه لإمكانية وجود اختلاف في الطبعة أو الناشر بين البيانات على البوابة وما ستجده على الكتاب نظرا لمحدودية المعلومات المتاحة على الموقع الناشر للمادة.
_3Please note that there may be a difference in the edition or publisher between the data on the portal and the book due to the limited information available on the publisher website for the material.
856 _uhttp://saaid.net/book/13/5521.pdf
_yDigital Copy
_2 نرجو الانتباه لإمكانية وجود اختلاف في الطبعة أو الناشر بين البيانات على البوابة وما ستجده على الكتاب نظرا لمحدودية المعلومات المتاحة على الموقع الناشر للمادة.
_3Please note that there may be a difference in the edition or publisher between the data on the portal and the book due to the limited information available on the publisher website for the material.
942 _2ddc
_cBOOK
_n0
949 _aSA-JeALM
_d250915
_umohamedma123
_n1
999 _c11857
_d11857